007320000a22001810004500090001400000245009800014650003400112650004400146650003400190650003600224651003000260041001300290100002900303942001300332773003000345999001700375952015800392 aARb0278110aCaracterización ecológica general y de la intervención humana en la amazonia colombiana14aEcología del paisaje99222714aCartografía física-biótica99620814aEcosistemas silvestres99620514aEcosistemas intervenidos996209 4pAmazonia, Colombia9927490 aInglés1 aEtter R, Andrés910765 cARTICULO1 tPreprint33q27-67d1991? c11842d11842 001040718HEMEROTECAaBogotabBogotad2015-02-27hFuera de circulaciónl0oAR 02781p013193r2015-03-25 00:00:00t1w2015-03-25xDonaciónyARTICULO